000 00872nam a2200265 i 4500
001 88791
003 ES-MaACL
005 20250727024449.0
007 t|
008 041213s1978 sp ||||1| spa d
020 _a2-02-004824-8
080 _a572
080 _a113/119
245 0 2 _aL'unité de l'homme.
_n, . 3,
_pPour une anthropologie fondamentale /
_cessais et discussions présentés et commentés par Edgar Morin.
260 _a[S.l.] :
_bEditions du Seuil,
_c[1978]
300 _a360 p. ;
_c18 cm.
490 1 _aPoints
500 _aPrecede al tit.: Centre Royaumont pour une science de l'homme.
650 7 _aAntropología física
_2embne
_99893
650 7 _aAntropología filosófica
_2embne
_99891
700 1 _aMorin, Edgar.
_983564
830 0 _aPoints
_9184077
852 _aES-MaACL
_jE-10641
_bR.134747
999 _c88791
_d88791